Estatísticas para Jogadores do Brasil na Copa do Mundo FIFA 2022

Clique aqui para jogar o quiz

Estatísticas Gerais

  • Esse quiz foi jogado 215 vezes
  • A pontuação média é 21 de 26

Estatísticas das Respostas

PosiçãoJogador% Correto
GoleiroAlisson
99%
AtacanteNeymar
97%
GoleiroWeverton
94%
ZagueiroMarquinhos
92%
MeioCasemiro
91%
GoleiroEderson
91%
AtacanteRicharlison
91%
LateralDaniel Alves
89%
MeioPaquetá
89%
ZagueiroThiago Silva
89%
ZagueiroMilitão
84%
AtacantePedro
84%
LateralAlex Sandro
82%
AtacanteAntony
80%
AtacanteGabriel Jesus
80%
AtacanteRodrygo
80%
LateralDanilo
78%
AtacanteVini Jr
78%
LateralAlex Telles
76%
AtacanteRaphinha
74%
MeioFred
73%
AtacanteGabriel Martinelli
72%
MeioEverton Ribeiro
69%
MeioBruno Guimarães
68%
ZagueiroBremer
65%
MeioFabinho
63%

Distribuição das Pontuações

Percentil de Números Respondidos

Porcentagem de Pessoas com Cada Pontuação

Sua Pontuação Histórica

Você não jogou esse quiz